[Event "MCR_SF16"]
[Site "?"]
[Date "2008.??.??"]
[Round "?"]
[White "Trs, Jan"]
[Black "Portych, Vaclav"]
[Result "1-0"]
[WhiteElo "2158"]
[BlackElo "2177"]
[PlyCount "153"]
[EventDate "2008.??.??"]
[EventType "corr"]
[EventRounds "2"]

1. e4 c5 2. Nf3 Nc6 3. d4 cxd4 4. Nxd4 Nf6 5. Nc3 e5 6. Ndb5 d6 7. Bg5 a6 8.
Na3 b5 9. Bxf6 gxf6 10. Nd5 f5 11. Bd3 Be6 12. O-O Bxd5 13. exd5 Ne7 14. Nxb5
Bg7 15. Nc3 e4 16. Bc4 Qc7 17. Qe2 O-O 18. Na4 Ng6 19. Bb3 Qe7 20. c3 Nf4 21.
Qe3 Bh6 22. Kh1 Qf6 23. g3 Nxd5 24. Qe2 Nc7 25. f3 Qe7 26. fxe4 Qxe4+ 27. Qg2
d5 28. Rf3 Qg4 29. Nc5 Rad8 30. Bc2 f4 31. Qf2 Kh8 32. gxf4 Rg8 33. Rf1 f6 34.
Rg3 Qc8 35. Rfg1 Rxg3 36. Qxg3 Rg8 37. Qh4 Rxg1+ 38. Kxg1 Qf8 39. b4 f5 40. Kf2
Kg7 41. Kf3 Qf6 42. Qe1 Kg8 43. Nd7 Qf7 44. Qh4 Kg7 45. Ne5 Qf6 46. Qxf6+ Kxf6
47. Bd3 Ne6 48. Nd7+ Ke7 49. Nb6 Nxf4 50. Bxf5 Kd6 51. Bxh7 Ne6 52. h4 Bd2 53.
c4 Nd4+ 54. Kg4 Bxb4 55. Nxd5 Bd2 56. Nf6 Ke5 57. Ne4 Bb4 58. h5 Bf8 59. Ng5 a5
60. h6 Kf6 61. Ne4+ Ke5 62. Kh5 Ne2 63. Kg5 a4 64. Nd2 Kd4 65. Bc2 a3 66. h7
Bg7 67. Kg6 Bh8 68. Bb3 Nc1 69. Kf7 Nxb3 70. Kg8 Bf6 71. Nxb3+ Kxc4 72. Nd2+
Kd3 73. Nb1 Kc2 74. Nxa3+ Kb2 75. Nc4+ Kxa2 76. Nd6 Kb3 77. Nf5 1-0

[Event "MCR_SF16"]
[Site "?"]
[Date "2008.??.??"]
[Round "?"]
[White "Trs, Jan"]
[Black "Slavik, Miroslav"]
[Result "0-1"]
[WhiteElo "2158"]
[BlackElo "2265"]
[PlyCount "30"]
[EventDate "2008.??.??"]
[EventType "corr"]
[EventRounds "2"]

1. e4 e5 2. Nf3 Nc6 3. Bb5 a6 4. Ba4 Nf6 5. O-O Nxe4 6. d4 b5 7. Bb3 d5 8. dxe5
Be6 9. Nbd2 Nc5 10. c3 Nxb3 11. Nxb3 Be7 12. Nbd4 Nxd4 13. cxd4 a5 14. Qd3 Qd7
15. Qg6 hxg6 0-1